000 00847nam a2200193 i 4500
001 189279
003 ES-MaACL
005 20251203063035.0
008 190521s1855 sp |||| | spa d
100 1 _aSchulz, Guillermo,
_d1805-1877
_9104793
245 1 0 _aEsplotación [sic] de la hulla y del hierro en España /
_cGuillermo Schulz.
260 _a[S.l. :
_bs.n.,
_c1855?]
300 _a7 p. ;
_c21 cm.
594 _aSin portada, título tomado de principio del texto y autor del final del texto.
650 4 _aMinas de hulla-
_zEspaña.
_9167058
650 4 _aMinas de hierro-
_zEspaña.
_9167059
852 _aES-MaACL
_jB-8925(6).-
_zLegado de Federico de Botella y de Hornos
_z.- Encuadernado en un vol. facticio agrupado con el nombre en el lomo: España, geología, memorias y documentos varios 9 a 19
999 _c189279
_d189279